Music Quiz

Random Music or Lyrics Quiz
Score 0/21 Timer 07:00
0 Plays Today
% Correct
Red
91%
Poet
87.3%
Face
86.4%
Music
86%
Silent
85.5%
West
85.1%
Away
85.1%
Clear
85.1%
Died
85.1%
Flew
85.1%
Lives
85.1%
% Correct
Blue
84.6%
North
84.2%
Illusion
84.2%
Soul
83.3%
Jam
81.9%
Name
81.4%
Alone
79.2%
Drifted
76%
Dress
74.7%
East
72.9%
Remove Ads.
Support Sporcle.
Get the best of Sporcle when you Go Orange. This ad-free experience offers more features, more stats, and more fun while also helping to support Sporcle. Thank you for becoming a member.

You're not logged in!

Compare scores with friends on all Sporcle quizzes.
OR
Log In

Sporcle TV

Today on Sporcle TV


Watch our educational content, quiz creation guides, and fun videos on Sporcle TV.

Show Comments

Extras

Top Quizzes Today


Score Distribution

Paid Content

Your Account Isn't Verified!

In order to create a playlist on Sporcle, you need to verify the email address you used during registration. Go to your Sporcle Settings to finish the process.

Report this User

Report this user for behavior that violates our Community Guidelines.

Details: